000 00532nam a2200181Ia 4500
003 OSt
005 20260327165401.0
008 211028s2009 xx 000 0 und d
040 _cAIMIT LIBRARY
041 _aeng
082 _a658.15 FRAN
100 _aFranco, Nelson Sandeep;Dias, Beena.
_g716090
_96292
245 _aCustomer perception towards mutual funds: a study with reference to freston marketing Mangalore /
260 _bDias, Beena
_c2009
600 _aFinance
_96293
650 _aFinance
_96294
942 _2ddc
_cPRO
999 _c218189
_d218189